| 000 | 00500nam a22001817a 4500 | ||
|---|---|---|---|
| 003 | OSt | ||
| 005 | 20140310181754.0 | ||
| 008 | 130629t xxu||||| |||| 00| 0 eng d | ||
| 020 | _a9719187603 | ||
| 050 |
_aRS 164 _b.Ub12 1997 |
||
| 082 |
_aFIL 581.6 _bD486 1997 |
||
| 245 |
_aPerspectives on integrated healthcare and herbal medicine / _cde Ubaldo, Josef |
||
| 260 |
_aQuezon City : _bKalayaan Press, _cc1997. |
||
| 300 |
_a62 p. : _c23 cm. |
||
| 562 | _e1 | ||
| 942 |
_2lcc _cBK |
||
| 999 |
_c3377 _d3377 |
||